| 000 | 00740nam a2200277Ia 4500 | ||
|---|---|---|---|
| 008 | 160803s9999 xx 000 0 und d | ||
| 020 | _a0 439237130 | ||
| 100 | _aBenjamin, A. H | ||
| 245 | _aLittle Mouse and the big red apple / | ||
| 245 | _cby A.H. Benjamin ; illustrated by Gwyneth Williamson. | ||
| 260 | _aNew York : | ||
| 260 | _bScholastic Inc. | ||
| 260 | _c2000 | ||
| 300 | _a1 volume (unpaged) : | ||
| 300 | _bcolor illustrations ; | ||
| 300 | _c23 x 27 cm | ||
| 650 | _aAnimals -- | ||
| 650 | _aApples -- | ||
| 650 | _aMice -- | ||
| 650 | _aSharing -- | ||
| 650 | _xJuvenile fiction. | ||
| 650 | _xJuvenile fiction. | ||
| 650 | _xJuvenile fiction. | ||
| 650 | _xJuvenile fiction. | ||
| 700 | _a320 | ||
| 999 |
_c299274 _d299274 |
||